| 000 | 00940nam a2200241Ia 4500 | ||
|---|---|---|---|
| 003 | GCL | ||
| 005 | 20240530105412.0 | ||
| 008 | 140319s1992 ua g 000 0 ara d | ||
| 017 |
_a1992/4036 _bمصر. دار الكتب |
||
| 040 |
_aGCL / _cGCL |
||
| 082 | 0 | 4 |
_a272.23/ _bك ق |
| 100 | 1 | _aكندال، ارثر | |
| 245 | 1 | 2 |
_aالقضاة / _cبقلم ارثر كندال ؛ نقلة الى العربية بهيج يوسف ؛ المحرر المسئول جوزيف صابر |
| 260 |
_aالقاهرة : _bدار الثقافة العربية ، _c1991 |
||
| 300 |
_a301 ص. ؛ _c24 سم. |
||
| 490 | 0 |
_aالتفسير الحديث للكتاب المقدس : العهد القديم ؛ _v7، 8 |
|
| 650 | 0 | 7 |
_2qrmak _aالعهد القديم |
| 650 | 0 | 7 |
_2qrmak _aسفر القضاة |
| 650 | 0 | 7 |
_2qrmak _aسفر راعوث |
| 700 | 0 |
_aجوزيف صابر _eمحرر |
|
| 700 | 0 |
_aبهيج يوسف _eمترجم |
|
| 942 |
_2ddc _cBK |
||
| 999 |
_c55679 _d55679 |
||